| 000 | 00588nam a22001817a 4500 | ||
|---|---|---|---|
| 005 | 20260514113720.0 | ||
| 008 | 260514b |||||||| |||| 00| 0 eng d | ||
| 020 | _a9780367764999 | ||
| 041 | _aEng | ||
| 082 | _a658.802 RIV | ||
| 100 | _a Riviezzo, Angelo | ||
| 245 | _aCorporate Heritage Marketing: Using the Past as a Strategic Asset | ||
| 260 |
_aNew York _b Routledge, Milton Park, Abingdon, Oxon _c2021 |
||
| 300 | _a98;. P. 23 cm | ||
| 650 | _aMarketing--Italy Cultural property; Italy--Marketing | ||
| 700 | _aGarofano, Antonella, And Napolitano, Maria Rosaria | ||
| 942 | _cBK | ||
| 999 |
_c46587 _d46587 |
||